000
00362nam a2200133Ia 4500
008
151001s9999||||xx |||||||||||||| ||und||
100
_a
ताराशंकर बंद्योपाध्याय
245
_a
गणदेवता
250
_a
1
260
_b
केशरी प्रकाशन
260
_c
1973
300
_a
236
365
_b
22
999
_c
955950
_d
955947